[Event "Mittelfrankenliga-B2b 0506"]
[Site "Germany"]
[Date "2006.01.29"]
[Round "5.6"]
[White "Suess, Helmut"]
[Black "Ditt, Norbert"]
[Result "0-1"]
[WhiteElo "1855"]
[BlackElo "1647"]
[PlyCount "170"]
[EventDate "2005.10.16"]
[EventType "team-tourn"]
[EventRounds "9"]
[EventCountry "GER"]
[SourceTitle "EXT 2007"]
[Source "ChessBase"]
[SourceDate "2006.11.23"]
[SourceVersion "1"]
[SourceVersionDate "2006.11.23"]
[SourceQuality "1"]

1. d4 d5 2. Nf3 Nf6 3. Bg5 e6 4. c4 c6 5. e3 Be7 6. Nc3 a5 7. Qc2 Nbd7 8. Rc1 0-0 9. h3 b6 10. Bd3 h6 11. Bh4 Ba6 12. cxd5 Bxd3 13. Qxd3 cxd5 14. 0-0 Rc8 15. Bg3 Bb4 16. Nd2 Bxc3 17. Rxc3 Rxc3 18. Qxc3 Ne4 19. Nxe4 dxe4 20. Rc1 Re8 21. Qc6 Nf6 22. Bc7 Qd5 23. Be5 Nd7 24. b3 Qxc6 25. Rxc6 Nxe5 26. dxe5 Rb8 27. Rc4 b5 28. Rxe4 Rc8 29. a4 Rc1+ 30. Kh2 Rb1 31. Rd4 Rxb3 32. Rd8+ Kh7 33. Ra8 bxa4 34. Rxa5 Ra3 35. Kg3 Ra2 36. Kf3 g5 37. g4 Ra1 38. Ra7 Kg6 39. Kg2 Ra2 40. Kf3 a3 41. Kg2 Kg7 42. Kf3 Ra1 43. Kg2 a2 44. Kh2 Kg6 45. Kg2 Kg7 46. Kf3 Kf8 47. Kg2 Ke8 48. Kf3 Kd8 49. Kg2 Kc8 50. f4 Kb8 51. Ra3 Kb7 52. Kh2 Kc6 53. Kg2 Kb5 54. Kh2 Kb4 55. Ra7 Kb3 56. Rb7+ Kc3 57. Ra7 Kd3 58. Ra3+ Ke4 59. Kg2 gxf4 60. exf4 Kxf4 61. Ra5 Kg5 62. Ra4 f5 63. gxf5 Kxf5 64. Ra5 h5 65. Kh2 h4 66. Kg2 Kf4 67. Kh2 Kf3 68. Ra4 Re1 69. Ra3+ Re3 70. Rxa2 Re2+ 71. Rxe2 Kxe2 72. Kg2 Ke3 73. Kh2 Kf4 74. Kg2 Kxe5 75. Kf3 Kf5 76. Ke3 e5 77. Kf3 e4+ 78. Ke3 Ke5 79. Ke2 Kf4 80. Kf2 e3+ 81. Ke2 Ke4 82. Ke1 Kf3 83. Kf1 Kg3 84. Ke2 Kxh3 85. Kxe3 Kg2 0-1